| 000 | 01027nam a22002297a 4500 | ||
|---|---|---|---|
| 005 | 20250505103328.0 | ||
| 008 | 250505b |||||||| |||| 00| 0 eng d | ||
| 020 | _a81-85268-81-9 (hbk) | ||
| 037 | _cTB | ||
| 040 |
_aCRL _cCRL |
||
| 041 |
_2hin _ahin _hsan |
||
| 084 |
_aO15:gx1,1 152N8 _qCRL |
||
| 100 | _aराधावल्लभ | ||
| 245 | _aभारतीय नाट्यशास्त्र की परंपरा एवं विश्व रंगमंच | ||
| 260 |
_aदिल्ली, भारत: _bप्रतिभा प्रकाशन, _c1998. |
||
| 300 | _a237पृ0 | ||
| 365 |
_b995.00 _cINR |
||
| 546 | _aTranslated from Sanskrit to Hindi | ||
| 650 | _2संस्कृत साहित्य | ||
| 942 |
_2CC _cTB _hO15:gx1,1 152N8 _n0 |
||
| 999 |
_c1309992 _d1309992 |
||